[Event "MPJBiS 2020"]
[Site "?"]
[Date "2020.08.28"]
[Round "11.9"]
[White "Liskiewicz, Jakub"]
[Black "Rosa, Antoni"]
[Result "0-1"]
[BlackElo "1506"]
[WhiteElo "1424"]
[LiveChessVersion "1.4.8"]

1. d4 {[%clk 0:15:18]} d5 {[%clk 0:15:18]} 2. c4 {[%clk 0:15:27]} e6
{[%clk 0:15:26]} 3. Nc3 {[%clk 0:15:35]} Nf6 {[%clk 0:15:35]} 4. Bg5
{[%clk 0:15:44]} Be7 {[%clk 0:15:44]} 5. Nf3 {[%clk 0:15:51]} O-O
{[%clk 0:15:51]} 6. e3 {[%clk 0:15:59]} b6 {[%clk 0:15:58]} 7. cxd5
{[%clk 0:16:04]} Nxd5 {[%clk 0:15:59]} 8. Bxe7 {[%clk 0:16:10]} Nxe7
{[%clk 0:16:03]} 9. Bd3 {[%clk 0:16:11]} Bb7 {[%clk 0:16:02]} 10. O-O
{[%clk 0:16:14]} Nd7 {[%clk 0:16:02]} 11. Qc2 {[%clk 0:16:05]} Bxf3
{[%clk 0:15:41]} 12. gxf3 {[%clk 0:16:10]} Ng6 {[%clk 0:15:47]} 13. Ne4
{[%clk 0:15:40]} c5 {[%clk 0:14:56]} 14. dxc5 {[%clk 0:15:18]} Nxc5
{[%clk 0:14:46]} 15. Nxc5 {[%clk 0:15:04]} bxc5 {[%clk 0:14:48]} 16. Be4
{[%clk 0:15:04]} f5 {[%clk 0:14:28]} 17. Bxa8 {[%clk 0:15:10]} Qxa8
{[%clk 0:14:32]} 18. e4 {[%clk 0:14:58]} Nh4 {[%clk 0:14:23]} 19. Qb3
{[%clk 0:14:24]} Qe8 {[%clk 0:13:56]} 20. Kh1 {[%clk 0:14:11]} fxe4
{[%clk 0:13:23]} 21. fxe4 {[%clk 0:14:16]} Qg6 {[%clk 0:13:17]} 22. Qg3
{[%clk 0:13:45]} Qxe4+ {[%clk 0:13:24]} 23. f3 {[%clk 0:13:12]} Nxf3
{[%clk 0:13:24]} 24. Qg2 {[%clk 0:13:14]} Rf4 {[%clk 0:11:30]} 25. Rad1
{[%clk 0:12:33]} h6 {[%clk 0:09:48]} 26. Rd7 {[%clk 0:11:35]} g5 {[%clk 0:09:41]}
27. Rxa7 {[%clk 0:10:51]} Kf8 {[%clk 0:07:15]} 28. Rd1 {[%clk 0:08:00]} Ke8
{[%clk 0:07:07]} 29. b3 {[%clk 0:07:05]} Ne1 {[%clk 0:05:30]} 30. Ra8+
{[%clk 0:02:46]} Ke7 {[%clk 0:05:33]} 31. Ra7+ {[%clk 0:01:56]} Kf6
{[%clk 0:05:23]} 32. Qxe4 {[%clk 0:00:42]} Rf1# {[%clk 0:05:20]} 0-1

[Event "MPJBiS 2020"]
[Site "?"]
[Date "2020.08.28"]
[Round "11.10"]
[White "Nawalaniec, Adam"]
[Black "Pawlowski, Kamil"]
[Result "1-0"]
[BlackElo "1307"]
[WhiteElo "1458"]
[LiveChessVersion "1.4.8"]

1. e4 {[%clk 0:15:19]} e5 {[%clk 0:15:19]} 2. Nf3 {[%clk 0:15:27]} Nc6
{[%clk 0:15:28]} 3. Bc4 {[%clk 0:15:36]} Nf6 {[%clk 0:15:34]} 4. Ng5
{[%clk 0:15:36]} d5 {[%clk 0:15:42]} 5. exd5 {[%clk 0:15:45]} Na5
{[%clk 0:15:51]} 6. Bb5+ {[%clk 0:15:54]} c6 {[%clk 0:16:00]} 7. dxc6
{[%clk 0:16:03]} bxc6 {[%clk 0:16:10]} 8. Be2 {[%clk 0:16:11]} h6
{[%clk 0:16:16]} 9. Nf3 {[%clk 0:16:20]} e4 {[%clk 0:16:26]} 10. Ne5
{[%clk 0:16:29]} Bd6 {[%clk 0:16:26]} 11. d4 {[%clk 0:16:38]} Bxe5
{[%clk 0:14:24]} 12. dxe5 {[%clk 0:16:46]} Qxd1+ {[%clk 0:14:30]} 13. Bxd1
{[%clk 0:16:52]} Ng4 {[%clk 0:14:30]} 14. Bxg4 {[%clk 0:16:55]} Bxg4
{[%clk 0:14:38]} 15. O-O {[%clk 0:17:00]} Nc4 {[%clk 0:14:32]} 16. Nc3
{[%clk 0:17:04]} Bf5 {[%clk 0:12:49]} 17. Re1 {[%clk 0:16:45]} Nxe5
{[%clk 0:12:23]} 18. f3 {[%clk 0:16:54]} O-O {[%clk 0:11:42]} 19. Nxe4
{[%clk 0:16:55]} Bxe4 {[%clk 0:10:44]} 20. Rxe4 {[%clk 0:17:03]} Ng6
{[%clk 0:10:34]} 21. Bd2 {[%clk 0:17:07]} Rfe8 {[%clk 0:10:28]} 22. Rae1
{[%clk 0:17:02]} Red8 {[%clk 0:09:55]} 23. Bc3 {[%clk 0:17:06]} Nf8
{[%clk 0:08:45]} 24. Kf2 {[%clk 0:16:58]} Ne6 {[%clk 0:08:45]} 25. h4
{[%clk 0:16:26]} Rab8 {[%clk 0:07:18]} 26. g4 {[%clk 0:16:22]} Rd5
{[%clk 0:03:45]} 27. f4 {[%clk 0:15:28]} g6 {[%clk 0:02:52]} 28. Kf3
{[%clk 0:15:09]} Rdd8 {[%clk 0:01:01]} 29. f5 {[%clk 0:14:41]} gxf5
{[%clk 0:01:00]} 30. gxf5 {[%clk 0:14:50]} Nc5 {[%clk 0:01:08]} 31. Rg4+
{[%clk 0:14:49]} Kf8 {[%clk 0:01:10]} 32. Bg7+ {[%clk 0:14:56]} Kg8
{[%clk 0:01:14]} 33. Bf6+ {[%clk 0:14:59]} Kf8 {[%clk 0:01:17]} 34. Reg1
{[%clk 0:14:50]} Ke8 {[%clk 0:01:17]} 35. Bxd8 {[%clk 0:14:57]} Kxd8
{[%clk 0:01:24]} 36. Rg8+ {[%clk 0:15:05]} Kc7 {[%clk 0:01:33]} 37. Rxb8
{[%clk 0:15:13]} Kxb8 {[%clk 0:01:42]} 38. Rg7 {[%clk 0:15:18]} 1-0

[Event "MPJBiS 2020"]
[Site "?"]
[Date "2020.08.28"]
[Round "11.11"]
[White "Ugorek, Kacper"]
[Black "Zieba, Hubert"]
[Result "1-0"]
[BlackElo "1448"]
[WhiteElo "1266"]
[LiveChessVersion "1.4.8"]

1. e4 {[%clk 0:15:19]} c5 {[%clk 0:15:18]} 2. Nf3 {[%clk 0:15:27]} Nc6
{[%clk 0:15:25]} 3. d4 {[%clk 0:15:36]} cxd4 {[%clk 0:15:33]} 4. Nxd4
{[%clk 0:15:44]} g6 {[%clk 0:15:42]} 5. Be3 {[%clk 0:15:49]} Bg7 {[%clk 0:15:46]}
6. Nc3 {[%clk 0:15:57]} Nf6 {[%clk 0:15:54]} 7. g3 {[%clk 0:15:47]} O-O
{[%clk 0:16:00]} 8. Bg2 {[%clk 0:15:55]} d6 {[%clk 0:15:49]} 9. h3
{[%clk 0:15:55]} Bd7 {[%clk 0:15:37]} 10. O-O {[%clk 0:16:02]} Qc8
{[%clk 0:15:28]} 11. Kh2 {[%clk 0:16:06]} Ne5 {[%clk 0:14:53]} 12. Qe2
{[%clk 0:14:06]} Nc4 {[%clk 0:13:40]} 13. Rab1 {[%clk 0:14:06]} Nxe3
{[%clk 0:13:45]} 14. Qxe3 {[%clk 0:14:04]} Qc4 {[%clk 0:13:31]} 15. Rbd1
{[%clk 0:12:41]} Qb4 {[%clk 0:12:32]} 16. Nb3 {[%clk 0:12:44]} Bc6
{[%clk 0:12:07]} 17. f4 {[%clk 0:12:21]} Qb6 {[%clk 0:11:53]} 18. Rfe1
{[%clk 0:11:29]} Qxe3 {[%clk 0:11:24]} 19. Rxe3 {[%clk 0:11:34]} Nd7
{[%clk 0:10:51]} 20. e5 {[%clk 0:08:50]} Bxg2 {[%clk 0:10:23]} 21. Kxg2
{[%clk 0:08:54]} Nb6 {[%clk 0:09:16]} 22. Nd5 {[%clk 0:07:31]} Nxd5
{[%clk 0:08:57]} 23. Rxd5 {[%clk 0:07:39]} dxe5 {[%clk 0:09:04]} 24. fxe5
{[%clk 0:07:45]} Rfd8 {[%clk 0:09:05]} 25. Red3 {[%clk 0:07:40]} Rxd5
{[%clk 0:09:12]} 26. Rxd5 {[%clk 0:07:49]} Rc8 {[%clk 0:09:19]} 27. c3
{[%clk 0:07:56]} e6 {[%clk 0:08:07]} 28. Rd7 {[%clk 0:08:02]} Rb8
{[%clk 0:08:16]} 29. Nc5 {[%clk 0:07:52]} Bxe5 {[%clk 0:08:10]} 30. Rxb7
{[%clk 0:07:57]} Rxb7 {[%clk 0:07:32]} 31. Nxb7 {[%clk 0:08:04]} Kf8
{[%clk 0:07:29]} 32. Na5 {[%clk 0:08:04]} Ke8 {[%clk 0:07:38]} 33. Nc6
{[%clk 0:08:11]} Bd6 {[%clk 0:07:13]} 34. Nxa7 {[%clk 0:08:18]} Kd7
{[%clk 0:07:16]} 35. Nb5 {[%clk 0:08:27]} Bc5 {[%clk 0:07:11]} 36. b4
{[%clk 0:08:27]} Be3 {[%clk 0:07:13]} 37. Kf3 {[%clk 0:08:28]} Bb6
{[%clk 0:06:55]} 38. a4 {[%clk 0:08:36]} Kc6 {[%clk 0:06:58]} 39. Na3
{[%clk 0:08:42]} e5 {[%clk 0:07:02]} 40. Ke4 {[%clk 0:08:34]} Bc7
{[%clk 0:07:05]} 41. g4 {[%clk 0:08:24]} h5 {[%clk 0:06:46]} 42. gxh5
{[%clk 0:08:23]} f5+ {[%clk 0:06:55]} 43. Ke3 {[%clk 0:08:21]} gxh5
{[%clk 0:06:58]} 44. Nb1 {[%clk 0:07:50]} Kd5 {[%clk 0:06:50]} 45. Nd2
{[%clk 0:07:57]} f4+ {[%clk 0:06:37]} 46. Kf3 {[%clk 0:07:48]} e4+
{[%clk 0:06:46]} 47. Nxe4 {[%clk 0:07:51]} Be5 {[%clk 0:06:48]} 48. b5
{[%clk 0:07:27]} Kc4 {[%clk 0:06:40]} 49. b6 {[%clk 0:07:31]} Kb3
{[%clk 0:06:43]} 50. b7 {[%clk 0:07:30]} Kxa4 {[%clk 0:06:51]} 51. Nc5+
{[%clk 0:07:37]} Kb5 {[%clk 0:06:56]} 52. Nd7 {[%clk 0:07:45]} 1-0